000 00421nam a2200169 4500
003 SEACOMEC
005 20240110154706.0
008 240110b |||||||| |||| 00| 0 eng d
020 _cRs.220.00
040 _aSEACOMEC
082 _a530
_bS774
100 _aSrinivasan,M.R.
245 1 _aPhysics for engineers
_cM.R. Srinivasan
260 _aNew Delhi
_bNew Age
_c2001
650 _aNatural sciences,Physics
942 _cBOOK
999 _c452
_d452